Diseño estructural de un puente y sus elementos en el municipio de Ciudad Antigua, departamento de Nueva Segovia
Presenta un dseño estructural de un puente y sus elementos en el municipio de Ciudad Antigua, departamento de Nueva Segovia. Este trabajo tiene como objetivo el diseño de un puente de estructura de concreto reforzado combinado con estructura metálica. Para poder brindar acceso de una manera segur...
| Main Authors: | , , |
|---|---|
| Other Authors: | |
| Format: | Tesis Section = Libro |
| Language: | Undetermined Spanish |
| Published: |
Managua
UNI
2013
|
| Subjects: |
| LEADER | 01369nam a2200313Ia 4500 | ||
|---|---|---|---|
| 008 | 240830s9999 xx 000 0 und d | ||
| 040 | |a BIBLIOTECA-RUPAP Mon 624.2 A773 | ||
| 041 | |a spa | ||
| 082 | |a Mon 624.2 A773 | ||
| 100 | 1 | |a Arranz Ramírez, José Pedro | |
| 100 | 1 | |b Chavarría Rizo, Winston Alexander | |
| 100 | 1 | |c Zeledón Valenzuela, Erick Pau | |
| 245 | 1 | 0 | |a Diseño estructural de un puente y sus elementos en el municipio de Ciudad Antigua, departamento de Nueva Segovia |
| 260 | |a Managua |b UNI |c 2013 | ||
| 300 | |a 134 p. :il. | ||
| 500 | |a Contiene: anexos. | ||
| 502 | |a Tesis (Ingeniero Civil)- UNI, 2013. | ||
| 520 | 3 | |a Presenta un dseño estructural de un puente y sus elementos en el municipio de Ciudad Antigua, departamento de Nueva Segovia. Este trabajo tiene como objetivo el diseño de un puente de estructura de concreto reforzado combinado con estructura metálica. Para poder brindar acceso de una manera segura a las comunidades aledañas a este municipio. | |
| 650 | 7 | |a PUENTES | |
| 650 | 7 | |b ANALISIS Y DISEÑO ESTRUCTURAL | |
| 650 | 7 | |c ANALISIS HIDROLOGICO | |
| 650 | 7 | |d CONSTRUCCION DE PUENTES | |
| 650 | 7 | |e PUENTES-DISEÑOS | |
| 650 | 7 | |f INGENIERIA DE ESTRUCTURAS | |
| 650 | 7 | |g CONSTRUCCIONES METALICAS | |
| 700 | 1 | |a Tutor: |b Jarquín Montalván, Yader Andrés | |
| 942 | |c BK |2 ddc | ||
| 991 | |a TESIS | ||
| 999 | |c 15914 | ||